|
|
|
|
| LEADER |
00728nab a2200193 i 4500 |
| 001 |
tisza25246 |
| 005 |
20200406150206.0 |
| 008 |
200406s2019 hu o 0|| hun d |
| 022 |
|
|
|a 0133-1167
|
| 040 |
|
|
|a SZTE Tiszatáj Archívum
|b hun
|
| 041 |
|
|
|a hun
|
| 100 |
1 |
|
|a Varga Réka
|
| 245 |
1 |
3 |
|a Az intermedialitás hálójában
|h [elektronikus dokumentum] :
|b filmnyelvi elemek Hajnóczy Péter drámakísérleteiben [tanulmány] /
|c Varga Réka
|
| 260 |
|
|
|c 2019
|
| 300 |
|
|
|a 83-87
|
| 490 |
0 |
|
|a Tiszatáj
|v 73 No. 10
|
| 695 |
|
|
|a Magyar irodalom - drámaírás - életmű - tanulmány, Hajnóczy Péter
|
| 700 |
0 |
1 |
|a Hajnóczy Péter
|
| 856 |
4 |
0 |
|u http://tiszataj.bibl.u-szeged.hu/25246/1/tiszataj_2019_010_083-087.pdf
|z Dokumentum-elérés
|